QUEST Central Library Banner

Programmable Logic Controllers : principles and applications (Record no. 11526)

MARC details
000 -LEADER
fixed length control field 00664nam a2200229 a 4500
003 - CONTROL NUMBER IDENTIFIER
control field PK-NaQUE
005 - DATE AND TIME OF LATEST TRANSACTION
control field 20251020114559.0
008 - FIXED-LENGTH DATA ELEMENTS--GENERAL INFORMATION
fixed length control field 251020b ||||| |||| 00| 0 eng d
020 ## - INTERNATIONAL STANDARD BOOK NUMBER
International Standard Book Number 013041672X (paperback)
020 ## - INTERNATIONAL STANDARD BOOK NUMBER
International Standard Book Number 9788120323087 (paperback)
040 ## - CATALOGING SOURCE
Transcribing agency QUEST
100 1# - MAIN ENTRY--PERSONAL NAME
Personal name Webb, John W.
245 10 - TITLE STATEMENT
Title Programmable Logic Controllers : principles and applications
250 ## - EDITION STATEMENT
Edition statement 4th ed.
260 ## - PUBLICATION, DISTRIBUTION, ETC. (IMPRINT)
Place of publication, distribution, etc [S.l.] :
Name of publisher, distributor, etc Prentice Hall,
Date of publication, distribution, etc 2009.
300 ## - PHYSICAL DESCRIPTION
Extent 460 p. ;
490 1# - SERIES STATEMENT
Series statement 5th edition.
650 ## - SUBJECT ADDED ENTRY--TOPICAL TERM
Topical term or geographic name as entry element Programmable controllers
700 ## - ADDED ENTRY--PERSONAL NAME
Personal name Reis, Ronald
856 ## - ELECTRONIC LOCATION AND ACCESS
Uniform Resource Identifier <a href="http://10.10.170.122:8080/browse/book/28722">http://10.10.170.122:8080/browse/book/28722</a>
Link text Download eBook
942 ## - ADDED ENTRY ELEMENTS (KOHA)
Koha item type Books
Source of classification or shelving scheme Dewey Decimal Classification
Holdings
Withdrawn status Lost status Damaged status Not for loan Collection code Home library Current library Shelving location Date acquired Cost, normal purchase price Total Checkouts Full call number Barcode Date last seen Koha item type Price effective from
        Reference Central Library, QUEST, Nawabshah Central Library, QUEST, Nawabshah Reference 17/11/2014 553.00   629.89WEB(Shelf - 80B) 35506 17/11/2014 Books  
        Reference Central Library, QUEST, Nawabshah Central Library, QUEST, Nawabshah Reference 17/11/2014 553.00   629.89WEB(Shelf - 80B) 35507 17/11/2014 Books  
          Central Library, QUEST, Nawabshah Central Library, QUEST, Nawabshah   17/11/2014 553.00   629.89WEB 35508 17/11/2014 Books 17/11/2014
          Central Library, QUEST, Nawabshah Central Library, QUEST, Nawabshah   17/11/2014 553.00   629.89WEB 35509 17/11/2014 Books 17/11/2014
          Central Library, QUEST, Nawabshah Central Library, QUEST, Nawabshah   17/11/2014 553.00   629.89WEB 35510 17/11/2014 Books 17/11/2014
          Central Library, QUEST, Nawabshah Central Library, QUEST, Nawabshah   24/10/2014 427.50   629.89WEB 35048 20/10/2025 Books 20/10/2025

Copyright © 2018,The QUEST, Nawabshah, Shaheed Benazirabad. All rights reserved
Mr. G. Farooq Channar (Librarian) QUEST, Nawabshah, Sindh, Pakistan 67480.
 Ph#: |   0244-9370381-4 Ext. 2308   Email| lib@quest.edu.pk   Web|  http://www.quest.edu.pk